000 00921nam0a22002531 4500
001 rc\139234
005 20260406063123.0
010 _a5-211-02607-1
_935000
035 _a(NLR Aleph) 005411257
090 _a7376358
_c7376358
100 _a20030307d1994 |||y0rusy50 ca
101 0 _arus
102 _aRU
105 _ay |||||||||
200 1 _aСвятые отцы и учители церкви
_e(Раскрытие православия в их творениях)
_f[Предисл. и коммент. С.В. Мосоловой]
210 _aМ.
_cИзд-во МГУ
_d1994
215 _a176 с.
_d21
320 _aБиблиогр. в примеч. в конце глав
700 1 _4070
_8rus
_7ca
_aКарсавин
_bЛ. П.
_f1882-1952
_gЛев Платонович
_3RU\NLR\AUTH\7721906
_94967
801 0 _aRU
_bNLR
_gpsbo
801 1 _aRU
_bELAR
_2rusmarc
852 _aNLR
_j94-3/3306
942 _cBOOK
980 _aNB